| 000 | 00602 a2200181 4500 | ||
|---|---|---|---|
| 999 |
_c8428 _d8428 |
||
| 010 | _aENG-88455 | ||
| 020 |
_a8189652761 _c900.00 |
||
| 035 | _aEN-71988 | ||
| 037 | _bDBAD / PUB | ||
| 082 | 1 | 4 | _a320.540954 |
| 100 | _aBakshi, S.R. | ||
| 245 | 1 |
_aRoots of nationalism in India/ _cby S.R. Bakshi |
|
| 260 |
_aDelhi _bVista International Publishing House _c2006 |
||
| 270 |
_aV-196, Near Shiv Sadhna Mandir, C-11, Yamuna Vihar, _cDelhi _e110 053 |
||
| 300 |
_avi, 382p. _c22cm (Hb) |
||
| 500 | _aIncludes bibliographical references and index | ||
| 942 |
_adpl _cEN _2ddc _h320.540954 _mBAK |
||